000 00276 a2200109 4500
001 50656
040 _cAnchieta - Pituba
240 1 0 _aEine kleine deutschmusik
_l
245 1 0 _aEine kleine deutschmusik
650 4 _aLínguas germânicas (teutônicas) língua alemã
942 _cMU
999 _c50656
_d50656